000 00806cam0a220021700 4500
001 qcf00188473
005 20190830121131.0
008 750611s1889 fr a 000 0 fre u
010 _a 05024011
035 _a(Sirsi) r29180
035 _a(QCAT)lss00861612
035 _a(UPRA)qcf00188473
040 _dUPRA
050 0 _aDT639
_b.D9X 1889
100 1 _aDupont, Edouard Francois, 1841-1911.
_dDupont, Edouard Francois, 1841-1911.
_6A93506.1
245 1 0 _aLettres sur le Congo :
_bRecit d'un voyage scientifique entre l'embouchure du fleuve et le confluent du Kassai /
_cpar Edouard Dupont.
260 _aParis :
_bC. Reinwald,
_c1889.
651 0 _aZaire -- Description and travel.
_xZaire -- Description and travel.
_6S3301.1
949 _aDT639
_wlcc
_i-31858
_mMAIN
_tBOOK
_lON-SHELF
004 29180
999 _c196898
_d196898